=LDR 00000nam 2200000 4500 =001 INLIS000000000029245 =005 20130612131508 =008 ***********************************Ind** =035 ##$$0010-061300000029245 =041 ##$$a Ind =082 ##$$a 664 =090 ##$$a 664, WAR m =100 ##$$a Warisno =245 ##$$a Membuat aneka olahan kacang tanah, Warisno =260 ##$$a 2004 $b Jakara =300 ##$$a iv, 56 hlm, ilus, 23 cm =650 ##$$a Kacang Tanah =850 ##$$a NBPNMAT